BIBLIOTECA

SENCICO

Construcciones de adobe y bloque estabilizado (Registro nro. 3512)

Detalles MARC
000 -LEADER
fixed length control field 00468nam a2200181Ia 4500
005 - DATE AND TIME OF LATEST TRANSACTION
control field 20251020182616.0
008 - FIXED-LENGTH DATA ELEMENTS--GENERAL INFORMATION
fixed length control field 200515s9999 xx 000 0 und d
082 ## - DEWEY DECIMAL CLASSIFICATION NUMBER
Classification number SC/693.88(85)/M61
110 ## - MAIN ENTRY--CORPORATE NAME
Corporate name or jurisdiction name as entry element Oficina de Investigación y Normalización
245 #0 - TITLE STATEMENT
Title Construcciones de adobe y bloque estabilizado
260 ## - PUBLICATION, DISTRIBUTION, ETC.
Place of publication, distribution, etc. Lima
260 ## - PUBLICATION, DISTRIBUTION, ETC.
Date of publication, distribution, etc. 1977
300 ## - PHYSICAL DESCRIPTION
Extent 7
650 ## - SUBJECT ADDED ENTRY--TOPICAL TERM
Topical term or geographic name entry element ADOBE
650 ## - SUBJECT ADDED ENTRY--TOPICAL TERM
Topical term or geographic name entry element BLOQUE ESTABILIZADO
650 ## - SUBJECT ADDED ENTRY--TOPICAL TERM
Topical term or geographic name entry element DISEÑO SISMORESISTENTE
942 ## - ADDED ENTRY ELEMENTS (KOHA)
Koha item type Libros
Existencias
Fecha de la última vez que lo usaron Pago total Signatura topográfica completa Código de barras Precio efectivo desde Tipo de documento Estado perdido Estado dañado No es para préstamo Retirado Ubicación permanente Ubicación actual Fecha de adquisición
15/05/2020   SC/693.88(85)/M61 Bib-Lima15053512 15/05/2020 Libros         Biblioteca Central Lima Biblioteca Central Lima 15/05/2020